Аварга том далавчтай өвгөн (Бичлэгийн дугаар. 76593)
[ энгийн харах ]
| 000 -Удирдлага | |
|---|---|
| Ном зүйн бүртгэл тоо буюу кодлох утгыг агуулсан | 00887nam a22002297a 4500 |
| 003 - ХЯНАЛТЫН ТОО ТОДОРХОЙЛОГЧ | |
| Код | MN-UlNLM |
| 005 - ХАМГИЙН СҮҮЛИЙН ҮЕИЙН ХЭЛЦЛИЙН ОГНОО БА ЦАГ | |
| Тухайн бичилтийг бичсэн засварласан сүүлийн огноо. | 20220426114449.0 |
| 008 - ЕРӨНХИЙ МЭДЭЭЛЭЛ-ЭЛЕМЕНТҮҮДИЙН ӨГӨГДЛИЙН УРТ | |
| fixed length control field | 160930t xxu||||| |||| 00| 0 mon d |
| 020 ## - ОЛОН УЛСЫН СТАНДАРТ НОМЫН ДУГААР-ISBN | |
| Олон Улсын Стандарт Номын Дугаар | 978-99973-909-6-7 |
| 040 ## - ЭХ СУРВАЛЖИЙГ ТОДОРХОЙЛОН БИЧИХ | |
| Анхны каталогийн байгууллага | Монгол Улсын Үндэсний номын сан |
| 084 ## - БУСАД АНГИЛЛЫН ДУГААР | |
| Ангиллын нэр | Номын сан номзүйн ангилал |
| Анги | 84(0)-44 |
| Зохиогчийн 3-н тэмдэгт | А 164 |
| Шинжлэх ухааны мэдлэгийн салбар | Уран зохиол - 84 |
| 245 1# - ҮНДСЭН ГАРЧИГ | |
| Гарчиг | Аварга том далавчтай өвгөн |
| Гарчигт хамааралтай мэдээ | Өрнө, дорнын шилмэл өгүүллэгийн түүвэр |
| Оролцогчдын тухай мэдээ | Орч. Б.Баясгалан |
| -- | Ред. Я.Баяраа |
| 260 1# - ГАРАЛТЫН ТУХАЙ МЭДЭЭ | |
| Хэвлэгдсэн газар | УБ |
| Хэвлэлийн газар | Мөнгөн пресс |
| Хэвлэгдсэн он | 2014 |
| 300 ## - ТООНЫ МЭДЭЭ | |
| Хуудасны тоо | 157x |
| 546 ## - ХЭЛНИЙ ТУХАЙ МЭДЭЭ | |
| Хэл | |
| 651 ## - ГАЗАРЗҮЙН БАЙРШИЛ | |
| Байршлийн нэр | Монгол |
| 653 ## - ТҮЛХҮҮР ҮГС | |
| Түлхүүр үг | Уран зохиол |
| 740 ## - НОМЫН АГУУЛГЫН ГАРЧИГ | |
| Номын гарчгууд | Гурав дахь шөнө. |
| -- | Шаазгай. |
| -- | Үлгэрч. |
| -- | Хүүхэд. |
| -- | Үс. |
| -- | Царай. |
| -- | Зул сар. |
| -- | Пикассо. |
| -- | Дом. |
| 856 ## - ЭЛЕКТРОН БАЙРЛАЛ БА ХОЛБООС | |
| Төрөл | Хэвлэмэл ном |
| 942 ## - ЭЛЕМЕНТИЙН ТӨРӨЛ | |
| Төрөл | Ном |
| Буцаан татагдсан төлөв | Хасагдсан шалтгаан | Гэмтсэн төлөв | Данс заагч | Захиалах боломжгүй | Үндсэн номын сан | Одоогийн байршил | Салбар танхим | Сан хөмрөг 5 | Бүртгэсэн огноо | Бүрдүүлэлтийн эх үүсвэр | Тавиурын заалт | Баркод | Үнэ | Хамгийн сүүлд байсан огноо | Нийт уншлаганд гарсан тоо | Фактур мөрийн дугаар | Төрөл | Хамгийн сүүлд уншлаганд гарсан огноо | Уншигчдад зориулсан мэдээлэл |
|---|---|---|---|---|---|---|---|---|---|---|---|---|---|---|---|---|---|---|---|
| Албан хэрэгцээнд | МУҮНомын сан салбар | МУҮНомын сан салбар | МУҮНС төв | Архив фонд төв байр | 2016-10-13 | Бэлэг, хандив | 38067 | 0031138067 | 12000.00 | 2016-09-30 | 0.00 | Ном | ||||||||
| МУҮНомын сан салбар | МУҮНомын сан салбар | МУҮНС салбар | Язгуур танхим 8 давхар | МУҮНС салбар | Язгуур танхим 8 давхар | 2021-08-30 | Худалдан авсан | 90929 | 0000290929 | 12000.00 | 2022-06-11 | 9 | 0.00 | Ном | 2022-06-11 | ||||||
| МУҮНомын сан салбар | МУҮНомын сан салбар | МУҮНС салбар | Язгуур танхим 8 давхар | МУҮНС салбар | Язгуур танхим 8 давхар | 2021-08-30 | Худалдан авсан | 90930 | 0000290930 | 12000.00 | 2024-07-19 | 1 | 0.00 | Ном | 2024-07-19 | ||||||
| МУҮНомын сан салбар | МУҮНомын сан салбар | МУҮНС салбар | Цахим танхим 3 давхар | МУҮНС салбар | Цахим танхим 3 давхар | 2022-02-09 | Худалдан авсан | 714 | 000911000714 | 5240.00 | 2022-02-09 | Цахим материал | Киндлээр уншина |